Statistics for Studio Ghibli Characters

Click here to take the quiz!

General Stats

  • This quiz has been taken 64 times
  • The average score is 12 of 20

Answer Stats

Answer% Correct
Totoro
100%
Kiki
94%
Calcifer
92%
Howl
90%
Ponyo
90%
Catbus
83%
No-Face
83%
San
83%
Chihiro
69%
Haku
69%
Porco Rosso
67%
Kaguya
58%
Ashitaka
56%
Nausicaä
56%
Turnip Head
44%
Eboshi
31%
Satsuki
29%
Sheeta
23%
Jiro
13%
Fujimoto
12%

Score Distribution

Percentile by Number Answered

Percent of People with Each Score

Your Score History

You have not taken this quiz